| 000 | 00325pam a2200133 a 4500 | ||
|---|---|---|---|
| 020 | _c | ||
| 041 | _h | ||
| 082 |
_a537 _bWAL / MIL |
||
| 100 |
_aWalston , Joseph A, _eMiller, John R. |
||
| 245 |
_a Transistor Circuit Design _hTextual Documents |
||
| 260 |
_aAuckland _bMcGraw Hill _c1966 |
||
| 300 | _a523p. | ||
| 930 | _a17353 | ||
| 999 |
_c94253 _d94253 |
||